The International rice research institute annual report for 1972

Đã lưu trong:
Sonraí Bibleagrafaíochta
Príomhúdar: IRRI
Formáid: Leabhar
Teanga:Undetermined
Foilsithe: Philippines IRRI 1973
Ábhair:
Clibeanna: Cuir Clib Leis
Gan Chlibeanna, Bí ar an gcéad duine leis an taifead seo a chlibeáil!
Thư viện lưu trữ: Trung tâm Học liệu Trường Đại học Cần Thơ
LEADER 00472nam a2200181Ia 4500
001 CTU_38639
008 210402s9999 xx 000 0 und d
082 |a 633.18 
082 |b I71 
100 |a IRRI 
245 4 |a The International rice research institute annual report for 1972 
245 0 |c IRRI 
260 |a Philippines 
260 |b IRRI 
260 |c 1973 
650 |a rice 
904 |i Liên, 990610 
980 |a Trung tâm Học liệu Trường Đại học Cần Thơ